[Event "IECC Swiss email"]
[Site "IECC email"]
[Date "2000.02.16"]
[Round "?"]
[White "Vandenberghe, Dietrich"]
[Black "Adams, Mark"]
[Result "0-1"]
[WhiteElo "1703"]
[BlackElo "2172"]
[PlyCount "82"]
[EventDate "2000.??.??"]
[EventType "tourn (corr)"]
[EventRounds "6"]
[SourceTitle "Corr 2008"]
[Source "ChessBase"]
[SourceDate "2008.06.24"]
[SourceVersion "1"]
[SourceVersionDate "2008.06.24"]
[SourceQuality "1"]

1. e4 c5 2. Nf3 d6 3. d4 cxd4 4. Nxd4 Nf6 5. Nc3 a6 6. Be3 Ng4 7. Bg5 h6 8. Bh4 g5 9. Bg3 Bg7 10. Be2 h5 11. Bxg4 Bxg4 12. f3 Bd7 13. Bf2 Nc6 14. Qd2 Ne5 15. 0-0 g4 16. f4 Nc4 17. Qe2 Rc8 18. b3 Na3 19. Qd3 h4 20. Rad1 h3 21. g3 e6 22. Nde2 Qc7 23. Qxd6 Qxd6 24. Rxd6 Bf8 25. Rd2 b5 26. Rfd1 Bc6 27. e5 Bb4 28. Bb6 Kf8 29. Rc1 Bf3 30. Rd3 Ke7 31. Be3 Rhd8 32. f5 Ke8 33. fxe6 fxe6 34. Kf1 Rc6 35. Bd2 Rdc8 36. Nxb5 Nxb5 37. Bxb4 Rxc2 38. Rxc2 Rxc2 39. Bd2 Rxa2 40. Ke1 Rb2 41. b4 Be4 0-1